Normal view
MARC view
- Rustichelli Carlo
Entry Personal Name
001 - CONTROL NUMBER
- control field: 8642
003 - CONTROL NUMBER IDENTIFIER
- control field: IT-RoPau
005 - DATE AND TIME OF LATEST TRANSACTION
- control field: 20140110100557.0
008 - FIXED-LENGTH DATA ELEMENTS
- fixed length control field: 140110|| aca||aabn | a|a d
040 ## - CATALOGING SOURCE
- Original cataloging agency: IT-RoPau
- Transcribing agency: IT-RoPau
100 ## - HEADING--PERSONAL NAME
- Personal name: Rustichelli Carlo
- Relator term: Autore musica
- Miscellaneous information: Codice autore musica SPICS: 1758
- Name of part/section of a work: La storia di Serafino
670 ## - SOURCE DATA FOUND
- Source citation: Work cat.: (IT-RoPau)98854: Celentano Adriano 1546, Celentanando